Normal view
MARC view
Entry Personal Name
001 - CONTROL NUMBER
- control field: 1237360
003 - CONTROL NUMBER IDENTIFIER
- control field: OSt
005 - DATE AND TIME OF LATEST TRANSACTION
- control field: 20260430150406.0
008 - FIXED-LENGTH DATA ELEMENTS
- fixed length control field: 260430|| aca||aabn | a|a d
040 ## - CATALOGING SOURCE
- Original cataloging agency: OSt
- Transcribing agency: OSt
100 ## - HEADING--PERSONAL NAME
- Personal name: University of Delhi. Faculty of Science. Deptt. of Geology
670 ## - SOURCE DATA FOUND
- Source citation: Work cat.: (OSt)1849670: Bailwal Rahul Au.; Chakraborty Partha Pratim Gu. 1237359, Post-Rift Depositional History of Paleoproterozoic Bayana Basin, North Delhi Fold Belt, India, 2023
